000 00378nam a2200133Ia 4500
008 231129s2015||||xx |||||||||||||| ||spa||
020 _a978-84-15746-51-5
082 _a861.3 M351d
100 _aMármol Bris Ma. Socorro.
245 0 _aDoliendas : Poemario de Sarepta
260 _c2015
264 _aMadrid : SIAL Ediciones
942 _2ddc
_cBKS
999 _c9729
_d9729